000 00278nam a22001217a 4500
020 _a81-8388-315-X
082 _a000
_bSPI/M
100 _aSPIDER BOOKS
245 _aMY PRE-SCHOOL BOOK OF MY BODY
260 _aCHENNAI
_bSPIDER BOOKS
650 _aPICTURE BOOK
_zINDIA
942 _cBK
999 _c4658
_d4658